Statistics for Days of the week in Dutch

Click here to take the quiz!

General Stats

  • This quiz has been taken 157 times
  • The average score is 6 of 7

Answer Stats

EnglishDutch% Correct
MondayMaandag
94%
TuesdayDinsdag
88%
WednesdayWoensdag
88%
FridayVrijdag
87%
ThursdayDonderdag
86%
SundayZondag
86%
SaturdayZaterdag
82%

Score Distribution

Percentile by Number Answered

Percent of People with Each Score

Your Score History

You have not taken this quiz